Superlative deutscher Städte #1 - Statistiken

Allgemein
  • Dieses Quiz wurde 183 mal gespielt
  • Das Durchschnittsergebnis liegt bei 9 aus 16
Antwortstatistiken
Kategorie Stadt % Korrekt
Größte Börse Frankfurt am Main
97%
Geschäftigster Containerhafen Hamburg
94%
Höchstes Gebäude Berlin
92%
Nördlichste Stadt mit > 100.000 Einwohnern Kiel
83%
Bevölkerungsreichste Stadt in der ehemaligen DDR Leipzig
81%
Größter Weihnachtsmarkt Nürnberg
78%
Höchste Kirche Ulm
74%
Älteste Universität (durchgehender Lehrbetrieb) Heidelberg
69%
Bevölkerungsreichste von den Römern gegründete Stadt Köln
65%
Südlichste Stadt mit > 100.000 Einwohnern Freiburg im Breisgau
63%
Meistbesuchtes Museum München
57%
Meiste Punkte in der ewigen Tabelle der 2. Fußball-Bundesliga Fürth
42%
Älteste Stadt Worms
15%
Älteste Universität Erfurt
9%
Bevölkerungsreichste nach 1900 gegründete Stadt Wuppertal
8%
Höchste jemals gemessene Temperatur Duisburg
4%
Keine übereinstimmenden Quizze gefunden
Verteilung der Resultate
Anzahl Personen mit jedem Resultat
Perzentil nach korrekt beantworteten Fragen
Ihre Resultats-Entwicklung
Sie haben dieses Quiz noch nicht gespielt